000 00438nam a2200181Ia 4500
001 13629
005 20260306164815.0
008 260306t1998||||xx |||||||||||||| ||spa||
041 _aESP
082 _a005.1
_bM66
100 _aMitchell, Melanie
_eAUT
245 3 _aAn introduction to genetic algorithms
260 _c1998
300 _aviii, 208 páginas :
_c26 cm.
650 _aGEN
654 _aCCC
942 _cLIB
_dJUS
_fJUS
_2ddc
_n
999 _c13629
_d13629